| 000 | 00823nam a22002297a 4500 | ||
|---|---|---|---|
| 999 |
_c14171 _d14171 |
||
| 003 | MIRAKIL | ||
| 005 | 20201111125537.0 | ||
| 008 | 201111b tu ||||| |||| 00| 0 tur d | ||
| 040 |
_aTR-AnCHP _btur _cTR-AnCHP |
||
| 041 | _atur | ||
| 082 |
_aATA 956.1024 _bT25a 1981 |
||
| 100 | 1 | _aTanyol, Cahit | |
| 245 |
_aAtatürk ve halkçılık/ _cCahit Tanyol. |
||
| 260 |
_aAnkara _bTürkiye İş Bankası Kültür Yayınları, _c1981. |
||
| 300 |
_a228 s.: _c19 sm. |
||
| 490 | 0 |
_aTürkiye İş Bankası Kültür Yayınları; _aAtatürk'ün doğumunun 100. yılı dizisi; _vGenel yayın: 226. _v6. |
|
| 504 | _aDizin ve Kaynakça vardır. | ||
| 600 |
_aAtatürk, Mustafa Kemal _d1881-1938 _xAtatürk devrimleri |
||
| 600 |
_aAtatürk, Mustafa Kemal _d1881-1938 _xHalkçılık |
||
| 650 | 0 |
_aTürkiye _xTarih _94 |
|
| 942 |
_2ddc _cBKS |
||